LEADER 00835nam0-22002771i-450 001 990001736000403321 005 20201215112627.0 035 $a000173600 035 $aFED01000173600 035 $a(Aleph)000173600FED01 035 $a000173600 100 $a20030910d1971----km-y0itay50------ba 101 0 $aeng 200 1 $aApproaches to international action on world trade in oilseeds, oils and fats$fFAO 210 $aRoma$cFAO$d1971 215 $aIII, 129 p.$d25 cm 225 1 $aFAO Commodity policy studies$v22 610 0 $aOlii alimentari 676 $a664.3 801 0$aIT$bUNINA$gRICA$2UNIMARC 901 $aBK 912 $a990001736000403321 952 $a60 665.322 B 12$b42681$fFAGBC 959 $aFAGBC 996 $aApproaches to international action on world trade in oilseeds, oils and fats$9364887 997 $aUNINA LEADER 00968nam0-2200301 --450 001 9910472059103321 005 20210513093241.0 010 $a978-88-7796-628-5 020 $aIT$b2010-1426 100 $a20210513d2010----kmuy0itay5050 ba 101 0 $aita 102 $aIT 105 $aa 001yy 200 1 $aAl di là del silenzio$eteoria, giurisprudenza, psicologia e comunicazione della violenza contro le donne in Italia$fAda Fichera 210 $aAcireale$aRoma$cBonanno$d2010 215 $a198 p.$cill.$d21 cm 225 1 $aScaffale del nuovo millennio$v90 320 $aContiene bibl. (pp. 155-156) 610 0 $aViolenza$aVittime [:] Donne$aAssistenza$aItalia 676 $a362.830945$v19$zita 700 1$aFichera,$bAda$0604461 801 0$aIT$bUNINA$gREICAT$2UNIMARC 901 $aBK 912 $a9910472059103321 952 $aCOLLEZ. 2521 (90)$b2464/2020$fFSPBC 959 $aFSPBC 996 $aAl di là del silenzio$91774160 997 $aUNINA